000 00805nam a22001935i 4500
001 156597
003 ES-MaACL
005 20230906210443.0
008 040802s1888 fr |||| | fre d
040 _aCAM
_bspa
_cCAM
100 1 _aKilian, W.
_968029
245 1 0 _aStructure géologique des environs de Sisteron (Basses-Alpes) /
_cPar W. Kilian.
260 _aParis :
_bGauthiers-Villars et Fils, imprimeurs-libraires des Comptes Rendus des Séances de l'Académie des Sciences,
_c[s.a.]
300 _a4 p. ;
_c27 cm.
594 _aDatos de tít. y autor tomados de comienzo del texto.
596 _aTexto fechado en 1888.
651 4 _aAlpes-
_xGeología.
_9137029
852 _aES-MaACL
_jT-902-F-17
_z-- Enc. hol.
_z-- An. ms.: ded. a Federico de Botella y de Hornos
_z-- Enc. en un vol. facticio
999 _c156597
_d156597